world masterpieces / (Record no. 9300)
[ view plain ]
| 000 -LEADER | |
|---|---|
| fixed length control field | 00854cam a2200265 a 4500 |
| 001 - CONTROL NUMBER | |
| JCCL Control Number | 9300 |
| 003 - CONTROL NUMBER IDENTIFIER | |
| JCCL marc code | BD-JhCC |
| 005 - DATE AND TIME OF LATEST TRANSACTION | |
| control field | 20180312185001.0 |
| 008 - FIXED-LENGTH DATA ELEMENTS--GENERAL INFORMATION | |
| fixed length control field | 030903s2003 cm 000 0 eng |
| 035 ## - SYSTEM CONTROL NUMBER | |
| system control number | (BD-JhCC)9300 |
| 040 ## - CATALOGING SOURCE | |
| Original cataloging agency | DLC |
| Transcribing agency | DLC |
| Modifying agency | DLC |
| -- | BD-JhCC |
| 041 ## - LANGUAGE CODE | |
| Language code of Book | eng |
| 050 00 - LIBRARY OF CONGRESS CALL NUMBER | |
| Classification number | PS121 |
| Item number | .U53 2003 |
| 082 00 - DEWEY DECIMAL CLASSIFICATION NUMBER | |
| Classification number | 810.9 |
| DDC Edition number | 22 |
| Author mark and Year | ASO 2003 |
| 100 ## - MAIN ENTRY--PERSONAL NAME | |
| Personal name | Asong L.T. |
| 245 00 - TITLE STATEMENT | |
| Title | world masterpieces / |
| Statement of responsibility, etc | edited and compiled by L.T. Asong. |
| 246 30 - VARYING FORM OF TITLE | |
| Title proper/short title | American literature and world masterpieces : |
| Remainder of title | a study guide for first year students |
| 260 ## - PUBLICATION, DISTRIBUTION, ETC. (IMPRINT) | |
| Place of publication, distribution, etc | Bamenda [Cameroon] : |
| Name of publisher, distributor, etc | Patron Pub. House, International Paperbacks, |
| Date of publication, distribution, etc | c2003. |
| 300 ## - PHYSICAL DESCRIPTION | |
| Pagination | 128 p. ; |
| Dimensions | 21 cm. |
| 440 #0 - | |
| Title | PPH students series |
| 650 #0 - SUBJECT ADDED ENTRY--TOPICAL TERM | |
| Topical term or geographic name as entry element | American literature |
| General subdivision | History and criticism |
| 700 1# - ADDED ENTRY--PERSONAL NAME | |
| Personal name | Asong, Linus T. |
| Fuller form of name | (Linus Tongwo), |
| Dates associated with a name | 1947- |
| 942 ## - ADDED ENTRY ELEMENTS (KOHA) | |
| Source of classification or shelving scheme | Dewey Decimal Classification |
| Koha item type | Books |
| Source of classification or shelving scheme | Damaged status | Not for loan | Home library | Current library | Shelving location | Total Checkouts | Full call number | Barcode | Date last seen | Copy number | Koha item type |
|---|---|---|---|---|---|---|---|---|---|---|---|
| Dewey Decimal Classification | JCC Rouf Library | JCC Rouf Library | General Stacks | 810.9 ASO 2003 | 12435 | 03/12/2018 | C - 1 | Books |